| 000 | 01752 a2200229 4500 | ||
|---|---|---|---|
| 003 | Nust | ||
| 005 | 20221215140112.0 | ||
| 010 | _a 75009962 | ||
| 020 | _a047143132X | ||
| 040 | _cNust | ||
| 082 | 0 | 0 | _a537.6, JAC |
| 100 | 1 |
_aJackson, John David, _98813 |
|
| 245 | 1 | 0 |
_aClassical electrodynamics / _cJohn David Jackson. |
| 250 | _a2nd ed. | ||
| 260 |
_aNew York : _bWiley, _cc1975. |
||
| 300 |
_axxii, 848 p. : _bill. ; _c24 cm. |
||
| 505 | _aIntroduction and Survey (Page-1), Introduction to Electrostatics (Page-24), Boundary-Value Problems in Electrostatics: I (Page-57), Boundary-Value Problems in Electrostatics: II (Page-95), Multipoles, Electrostatics of Macroscopic Media, Dielectrics(Page-145), Magnetostatics, Faraday's Law, Quasi-Static Fields (Page-174), Maxwell Equations, Macroscopic Electromagnetism, Conservation Laws (Page-237), Plane Electromagnetic Waves and Wave Propagation (Page-295), Waveguides, Resonant Cavities, and Optical Fibers (Page-352), Radiating Systems, Multipole Fields and Radiation (Page-407), Scattering and Diffraction (Page-456), Special Theory of Relativity (Page-514), Dynamics of Relativistic Particles and Electromagnetic Fields (Page-579), Collisions, Energy Loss, and Scattering of Charged Particles, Cherenkov and Transition Radiation (Page-624), Radiation by Moving Charges (Page-661), Bremsstrahlung, Method of Virtual Quanta, Radiative Beta Processes (Page-708), Radiation Damping, Classical Models of Charged Particles (Page-745). | ||
| 650 | 0 |
_aElectrodynamics. _94606 |
|
| 856 | 4 | 2 |
_3Publisher description _uhttp://www.loc.gov/catdir/enhancements/fy0607/75009962-d.html |
| 856 | 4 | 2 |
_3Table of contents only _uhttp://www.loc.gov/catdir/enhancements/fy0607/75009962-t.html |
| 942 |
_2ddc _cBK |
||
| 999 |
_c184286 _d184286 |
||